书目信息 |
| 书名: | Minority families in the United States | |
| 作者: | edited by Ronald L. Taylor. | |
| 分册号: | ||
| 分册名: | 出版地: | Upper Saddle River, N.J. : |
|
| 出版社: | Prentice Hall | |
| 出版时间: | c1998. | |
| 页数: | xii, 300 p. : | |
| 开本: | 24 cm. | |
| 丛书名: | ||
| 中图分类号: | ||
| 科图分类号: | ||
| 其他分类号: | C913 | |
| 主题词: | ||
| 电子资源: | ||
| 000 | 01266cam a2200325 a 450 | |
| 001 | E0756176364 | |
| 005 | 20070505153921.42 | |
| 008 | 970728s1998 njua b 001 0 eng | |
| 010 | @a97035834 | |
| 020 | @a0132695642. | |
| 035 | @A(DLC) 97035834 | |
| 040 | @aDLC@cDLC@dDLC | |
| 043 | @an-us--- | |
| 050 | 00 | @aE184.A1@bM5437 1998 |
| 082 | 00 | @a305.8/00973@2 21 |
| 090 | @aC913 | |
| 099 | @dC913@ex106=2 | |
| 245 | 00 | @aMinority families in the United States :@ba multicultural perspective / @cedited by Ronald L. Taylor. |
| 250 | @a2nd ed. | |
| 260 | @aUpper Saddle River, N.J. :@bPrentice Hall,@cc1998. | |
| 300 | @axii, 300 p. :@bill. ;@c24 cm. | |
| 504 | @aIncludes bibliographical references and index. | |
| 650 | 0 | @aFamily@zUnited States. |
| 650 | 0 | @aMinority families. |
| 650 | 0 | @aMinorities@zUnited States. |
| 700 | 1 | @aTaylor, Ronald L.@q(Ronald Lewis),@d1942- |
| 906 | @a7@bcbc@corignew@d1@eocip@f19@gy-gencatlg | |
| 952 | @aOCLC/CIP ver. test record contract. | |
| 955 | @apc19 to sa00 07-28-97; sf15 07-30-97; sf09 to HLCD 07-30-97; lk29 (E184.A1) 07-31-97; to SL 07-31-97; lh09 08-04-97;aa05 08-05-97; pv01 04-02-98 for OCLC/CIP Project; CIP ver. pv01 04-28-98 | |
| 991 | @bc-GenColl@hE184.A1@iM5437 1998@tCopy 1@wBOOKS | |
| Minority families in the United States : : a multicultural perspective / / edited by Ronald L. Taylor.-2nd ed.-Upper Saddle River, N.J. : : Prentice Hall, , c1998. |
| xii, 300 p. : : ill. ; ; 24 cm. |
| Includes bibliographical references and index. |
| ISBN 0132695642. |
| ● |
| 相关链接 |
|
|
|
|
正题名:Minority families in the United States
索取号:C913/x106=2
 
预约/预借
| 序号 | 登录号 | 条形码 | 馆藏地/架位号 | 状态 | 备注 |
| 1 | 6973 | 300069734 | 第二样本阅览室/ [索取号:C913/x106=2] | 在馆 | |
| 2 | 6974 | 300069743 | 第四借阅区/ [索取号:C913/x106=2] | 在馆 | |
| 3 | 6975 | 300069752 | 密集书库/ [索取号:C913/x106=2] | 在馆 | |
| 4 | 6976 | 300069761 | 密集书库/ [索取号:C913/x106=2] | 在馆 | |
| 5 | 6977 | 300069770 | 第四借阅区/ [索取号:C913/x106=2] | 在馆 |